Truck full of ducks / (Record no. 4900)

MARC details
000 -LEADER
fixed length control field 00872nam a22002897a 4500
001 - CONTROL NUMBER
control field 4900
003 - CONTROL NUMBER IDENTIFIER
control field FISKH
005 - DATE AND TIME OF LATEST TRANSACTION
control field 20241023122521.0
008 - FIXED-LENGTH DATA ELEMENTS--GENERAL INFORMATION
fixed length control field 241023b cb ||||| |||| 00| 0 eng d
020 ## - INTERNATIONAL STANDARD BOOK NUMBER
International Standard Book Number 9781338268942
040 ## - CATALOGING SOURCE
Original cataloging agency FISKH
Language of cataloging eng
Transcribing agency FISKH
Modifying agency FISKH
050 ## - LIBRARY OF CONGRESS CALL NUMBER
Classification number PZ7.B868
082 ## - DEWEY DECIMAL CLASSIFICATION NUMBER
Classification number 813.6
100 ## - MAIN ENTRY--PERSONAL NAME
Personal name Burach, Ross
245 ## - TITLE STATEMENT
Title Truck full of ducks /
Statement of responsibility, etc. Ross Burach
250 ## - EDITION STATEMENT
Edition statement This edition first printing 2018.
260 ## - PUBLICATION, DISTRIBUTION, ETC.
Place of publication, distribution, etc. New York :
Name of publisher, distributor, etc. Scholastic,
Date of publication, distribution, etc. 2018.
300 ## - PHYSICAL DESCRIPTION
Extent 36 pages :
Other physical details Color illustrations ;
Dimensions 28 cm.
505 ## - FORMATTED CONTENTS NOTE
Formatted contents note G<br/>
520 ## - SUMMARY, ETC.
Summary, etc. Did you call for a truck full of ducks? Join the flock on this wacky call-and-response ride to find out just WHO did--and why.
521 8# - TARGET AUDIENCE NOTE
Target audience note 380L<br/>
Source Lexile<br/>
521 8# - TARGET AUDIENCE NOTE
Target audience note G<br/>
Source Raz-Plus<br/>
650 ## - SUBJECT ADDED ENTRY--TOPICAL TERM
Source of heading or term Animals
Topical term or geographic name entry element Fiction
650 ## - SUBJECT ADDED ENTRY--TOPICAL TERM
Source of heading or term Transportation
Topical term or geographic name entry element Trucks
942 ## - ADDED ENTRY ELEMENTS (KOHA)
Source of classification or shelving scheme Dewey Decimal Classification
Koha item type Books
Suppress in OPAC No
Holdings
Withdrawn status Lost status Source of classification or shelving scheme Damaged status Not for loan Collection Home library Current library Shelving location Date acquired Total Checkouts Full call number Barcode Date last seen Date last checked out Copy number Price effective from Koha item type
    Dewey Decimal Classification     Fiction Footprints International School Library Network Toul Kork Campus Footprints International School Library Network Toul Kork Campus TK Primary Library Room(4th Floor), Bookcase 1&2, Shelves 1-16, Dark Blue Books 10/23/2024 2 BUR 813.6 PZ7.B868 2024-2205 02/05/2025 01/22/2025 1 10/23/2024 Books